Станции метро Зелёной ветки Москвы - Statistics

General Stats
  • This quiz has been taken 80 times
  • The average score is 19 of 24
Answer Stats
Answer % Correct
Динамо
93%
Театральная
86%
Речной вокзал
85%
Водный стадион
85%
Алма-Атинская
85%
Ховрино
83%
Маяковская
83%
Войковская
82%
Белорусская
82%
Аэропорт
80%
Тверская
80%
Автозаводская
80%
Сокол
79%
Домодедовская
77%
Новокузнецкая
76%
Технопарк
76%
Царицыно
73%
Беломорская
72%
Павелецкая
72%
Каширская
70%
Коломенская
69%
Красногвардейская
69%
Орехово
68%
Кантемировская
66%
No matching quizzes found
Score Distribution
Percent of People with Each Score
Percentile by Number Answered
Your Score History
You have not taken this quiz